| Tag |
First Indicator |
Second Indicator |
Subfields |
| LEADER |
00000cam a2200000 a 4500 |
| 001 |
in00001546713 |
| 005 |
20151022054341.0 |
| 008 |
970318s1997 maua b 000 0 eng d |
| 010 |
|
|
|a 99162554
|
| 020 |
|
|
|a 1571460020 (acid-free paper)
|
| 035 |
|
|
|a (OCoLC)ocm36569781
|
| 040 |
|
|
|a CU-Riv
|c DLC
|d TXA
|d UtOrBLW
|
| 042 |
|
|
|a lccopycat
|
| 049 |
|
|
|a TXAM
|
| 050 |
0 |
4 |
|a QA614.73
|b .S36 1997
|
| 082 |
0 |
0 |
|a 514/.74
|2 21
|
| 100 |
1 |
|
|a Schoen, Richard
|q (Richard M.)
|
| 245 |
1 |
0 |
|a Lectures on harmonic maps /
|c R. Schoen, S.T. Yau.
|
| 264 |
|
1 |
|a Cambridge, MA :
|b International Press,
|c [1997]
|
| 264 |
|
4 |
|c ©1997
|
| 300 |
|
|
|a 394 pages :
|b illustrations ;
|c 26 cm.
|
| 336 |
|
|
|a text
|b txt
|2 rdacontent
|
| 337 |
|
|
|a unmediated
|b n
|2 rdamedia
|
| 338 |
|
|
|a volume
|b nc
|2 rdacarrier
|
| 490 |
1 |
|
|a Conference proceedings and lecture notes in geometry and topology ;
|v v. 2
|
| 504 |
|
|
|a Includes bibliographical references.
|
| 650 |
|
0 |
|a Harmonic maps.
|
| 700 |
1 |
|
|a Yau, Shing-Tung,
|d 1949-
|
| 830 |
|
0 |
|a Conference proceedings and lecture notes in geometry and topology ;
|v v. 2.
|
| 948 |
|
|
|a cataloged
|b h
|c 2000/8/16
|d c
|e jgreene
|f 3:02:00 pm
|
| 994 |
|
|
|a E0
|b TXA
|
| 999 |
|
|
|a MARS
|
| 999 |
f |
f |
|s 12c91578-5122-3d93-ba01-1c1f950eafb7
|i 6a350d23-60e0-3cfd-8015-1b76e33abfc1
|t 0
|
| 952 |
f |
f |
|p normal
|a Texas A&M University
|b College Station
|c Sterling C. Evans Library
|d Evans: Library Stacks
|t 0
|e QA614.73 .S36 1997
|h Library of Congress classification
|i unmediated -- volume
|m A14825945599
|
| 998 |
f |
f |
|a QA614.73 .S36 1997
|t 0
|l Evans: Library Stacks
|